Flag Quiz : Drapeaux rares aléatoires - Statistiques

Statistiques générales
  • Ce quiz a été pris 994 fois
  • Le résultat moyen est 9 sur 15
Statistiques - réponses
Par images Réponse % Correct
Liban
93%
Seychelles
83%
Barbade
77%
Comores
76%
Lesotho
76%
Sainte-Lucie
70%
Botswana
69%
Sierra Leone
68%
Brunei
65%
Maurice
65%
Rwanda
63%
Macao
30%
Guam
25%
Niue
21%
Île Norfolk
15%
Aucun quiz correspondant
Distribution des résultats
% des personnes avec chaque résultat
Percentile par nombre de réponses
Votre historique - résultats
Vous n’avez pas pris ce quiz